Několik poznámek k zákonu o bankách.
Vývoj bankovníctva v ČSFR a potreba novej právnej úpravy. Obmedzenie povolenia používať v názve slovo "banka" a "sporiteľňa". Právna forma a organizácia banky. Bankový dohľad a ukladanie sankcií. Úloha ŠBČS. Bankové tajomstvo a záruka za vklady. Prechodné ustanovenia.
Gespeichert in:
| 1. Verfasser: | |
|---|---|
| Format: | Buchkapitel |
| Sprache: | Tschechisch |
| Schlagworte: | |
| Tags: |
Keine Tags, Fügen Sie das erste Tag hinzu!
|
MARC
| LEADER | 00000naa a2200000 4500 | ||
|---|---|---|---|
| 001 | r007666 | ||
| 005 | 20220831085424.8 | ||
| 041 | 0 | |a cze | |
| 044 | |a [CS] | ||
| 245 | 1 | 0 | |a Několik poznámek k zákonu o bankách. |c V. Hartlová |
| 520 | |a Vývoj bankovníctva v ČSFR a potreba novej právnej úpravy. Obmedzenie povolenia používať v názve slovo "banka" a "sporiteľňa". Právna forma a organizácia banky. Bankový dohľad a ukladanie sankcií. Úloha ŠBČS. Bankové tajomstvo a záruka za vklady. Prechodné ustanovenia. | ||
| 610 | 2 | 0 | |a bankovníctvo |
| 610 | 2 | 0 | |a zákony |
| 610 | 2 | 0 | |a ŠBČS |
| 610 | 2 | 0 | |a ČSFR |
| 100 | 1 | |a Hartlová, V. | |